| 000 | 00732nam a2200229Ia 4500 | ||
|---|---|---|---|
| 001 | 11218 | ||
| 003 | GE_BSU | ||
| 008 | 181216s||||||||xx |||||||||||||| ||und|| | ||
| 040 | _cGE_BSU | ||
| 080 | _a631.4(075.8) | ||
| 100 | _aსაბაშვილი მ. | ||
| 245 | _aნიადაგთმცოდნეობა | ||
| 245 | _bსახელმძღ. სტუდენტებისათვის | ||
| 245 | _cრედ: მ. შევარდნაძე | ||
| 260 | _aთბილისი. | ||
| 260 | _bთბ-ის უნ-ტის გამ-ბა | ||
| 260 | _c1970 | ||
| 300 | _a354გვ.26სმ. | ||
| 300 | _eილ | ||
| 653 | _aნიადაგთმცოდნეობა | ||
| 942 | _cBK | ||
| 999 |
_c44449 _d44449 |
||